Revista del Instituto de Investigaciones Geológicas de la Diputación de Barcelona / Director: Alfredo San Miguel Director: Alfredo San Miguel
Descripción Física:
5 vols. ; 24 cm ; periodicitat: anual amb irregularitats ; il.
Otros Autores:
San Miguel Arribas, Alfredo, dir
Idioma:
Español , Catalán , English
MARC
| LEADER | 00000nas a2200000 a 4500 | ||
|---|---|---|---|
| 001 | 26893, 13388, 26894, 26895, 13389 | ||
| 003 | Arxiu | ||
| 005 | 20260324181027.0 | ||
| 008 | 160829s9999 xx 000 0 cat d | ||
| 017 | |a B 14614-1965 | ||
| 017 | |a B 27373-1984 | ||
| 022 | |a 0213-0173 | ||
| 040 | |a agdb | ||
| 041 | |a spa |a cat |a eng | ||
| 245 | |a Revista del Instituto de Investigaciones Geológicas de la Diputación de Barcelona / |b Director: Alfredo San Miguel | ||
| 246 | |a Revista d'investigacions geològiques | ||
| 247 | |a Publicaciones del Instituto de Investigaciones Geológicas de la Diputación Provincial | ||
| 260 | |a Barcelona : |b Universidad de Barcelona : |b Diputación Provincial de Barcelona ; |c 1978- | ||
| 300 | |a 5 vols. ; |c 24 cm ; periodicitat: anual amb irregularitats ; |b il. | ||
| 310 | |a Anual | ||
| 362 | |a Vol. 33 (1978-1979) - vol. 35 (1981-1982) | ||
| 500 | |a Descripció basada en: Vol. 34 (dic. 1980). | ||
| 500 | |a Publicada en català a partir de l'any 1983: Revista d'Investigacions Geològiques. | ||
| 504 | |a Bibliografia. | ||
| 546 | |a Text en català, castellà i anglès. | ||
| 650 | |a Geologia |x Revistes |9 21766 | ||
| 655 | 0 | |9 55823 |a Revistes | |
| 700 | |a San Miguel Arribas, Alfredo, dir. |9 21768 | ||
| 710 | 2 | |a Universitat de Barcelona |9 51297 | |
| 710 | 1 | |a Barcelona (Catalunya : Província). |b Diputació |9 52408 | |
| 780 | 0 | 0 | |t Publicaciones del Instituto de Investigaciones Geológicas de la Diputación Provincial |
| 866 | |a Vol. 34 (1980) | ||
| 866 | |a Vol. 35 (1981-1982) - Vol. 37 (1983) | ||
| 866 | |a Vol. 40 (1985) | ||
| 901 | |a Arxiu | ||
| 942 | |n 1 |2 udc |c REV | ||
| 952 | |0 0 |1 0 |2 udc |4 0 |7 1 |9 41840 |a Arxiu |b Arxiu |d 2022-10-31 |h Vol. 34 (desembre 1980) |o Rev-381 |p 26893 |r 2016-12-01 00:00:00 |w 2016-12-01 |y ARXIU | ||
| 952 | |0 0 |1 0 |2 udc |4 0 |6 REV382 |7 1 |9 64057 |a Arxiu |b Arxiu |d 2022-10-31 |h Vol. 35 (1981-1982) |l 0 |o Rev-382 |p 13388 |r 2022-10-31 00:00:00 |w 2022-10-31 |y ARXIU | ||
| 952 | |0 0 |1 0 |2 udc |4 0 |7 1 |9 64058 |a Arxiu |b Arxiu |d 2022-10-31 |h Vol. 36 (1983) |o Rev-383 |p 26894 |r 2022-10-31 00:00:00 |w 2022-10-31 |y ARXIU | ||
| 952 | |0 0 |1 0 |2 udc |4 0 |6 REV384 |7 1 |9 64059 |a Arxiu |b Arxiu |d 2022-10-31 |h Vol. 37 (1983) |l 0 |o Rev-384 |p 26895 |r 2022-10-31 00:00:00 |w 2022-10-31 |y ARXIU | ||
| 952 | |0 0 |1 0 |2 udc |4 0 |6 REV385 |7 1 |9 64060 |a Arxiu |b Arxiu |d 2022-10-31 |h Vol. 40 (1985) |l 0 |o Rev-385 |p 13389 |r 2022-10-31 00:00:00 |w 2022-10-31 |y ARXIU | ||
| 999 | |c 44256 |d 44256 | ||